000
00261nam a2200109Ia 4500
008
190216s9999||||xx |||||||||||||| ||und||
100
_a
Rajan Kakanadan
245
0
_a
Amarnath Guhayileek
260
_b
Dc Books Kottayam
650
_a
Yathravivaranam
942
_c
BK
999
_c
25932
_d
25932